000 00690 a2200205 4500
003 Nust
005 20170207154042.0
010 _a 99063274
020 _a0735709777
035 _a(OCoLC)ocm43854387
040 _cNust
082 0 0 _a004.6
100 1 _aMartin, Michael J.
245 1 0 _aUnderstanding the network(E-BOOK)
_ba practical guide to internetworking /
_cMichael J. Martin.
260 _aIndianapolis, IN :
_bNew Riders,
_cc2000.
300 _axvi, 687 p. :
_bill. ;
_c24 cm.
500 _aDescribes the various technologies and techniques needed to design, build and manage a multiprotocol local or wide area network (LAN/WAN).
650 0 _aComputer networks.
651 _aE-BOOK
942 _2ddc
_cBK
999 _c192666
_d192666